000 00769nam a2200253 i 4500
001 146906
003 ES-MaACL
005 20250915063057.0
007 t|
008 070919s1974 sp ||||1| spa d
080 _a327
080 _a341.1
100 1 _aTruyol y Serra, Antonio,
_d1913-2003
_9111597
245 1 3 _aLa sociedad internacional /
_cAntonio Truyol y Serra.
260 _a[Madrid] :
_bAlianza,
_c[1974]
300 _a221 p. ;
_c21 cm.
490 1 _aAlianza Universidad ;
_v83
650 _aRelaciones internacionales.
_916783
650 1 4 _aDerecho internacional-
_xHistoria.
_911719
650 1 7 _aEstado
_2embne
_912523
830 0 _aAlianza Universidad ;
_v83
_9177276
852 _aES-MaACL
_jE-5655
_bR.89935
999 _c146906
_d146906